| 000 | 00477nam a22001457a 4500 | ||
|---|---|---|---|
| 999 |
_c109063 _d109063 |
||
| 005 | 20181126094406.0 | ||
| 008 | 181126b ||||| |||| 00| 0 eng d | ||
| 020 | _a8122006531 | ||
| 040 | _cPK-LaUMT | ||
| 082 |
_a954.035092 _bTHE- |
||
| 245 |
_aThematic volumes on Sardar Vallabhbhai Patel : _bJawaharlal Nehru, Gandhi and Subhas Chandra Bose / _cedited by P. N. Chopra and Prabha Chopra |
||
| 260 |
_aNew Delhi : _bKonark Publishers, _c2003 |
||
| 300 | _a258 p. | ||
| 942 | _cBK | ||